000 00605nam a2200157 a 4500
001 000044159
005 20240404094740.0
008 140602s2010 dr ac 000 0 spa d
040 _aDO-SdBNP
_bspa
_cBNPHU
100 1 _aCruz Sánchez, Filiberto
_913112
245 1 0 _aHistoria moderna y contemporánea de República Dominicana :
_bdesde los inicios del siglo XIX hasta el presente /
_cFiliberto Cruz Sánchez.
260 _aSanto Domingo :
_bEl nuevo Diario,
_c2010.
300 _a268 p. :
_bil.,retrs. ;
_c28 cm.
500 _aPrimera reimpresión
500 _aIncluye datos biográficos del atuor en la sola
999 _c43648
_d43648